|
|
|
|
| LEADER |
00000naa2a2200000 4500 |
| 001 |
177095 |
| 005 |
20231031165531.0 |
| 035 |
|
|
|a (RuTPU)RU\TPU\book\192001
|
| 090 |
|
|
|a 177095
|
| 100 |
|
|
|a 20100311d2009 k y0rusy50 ca
|
| 101 |
0 |
|
|a rus
|
| 102 |
|
|
|a RU
|
| 200 |
1 |
|
|a Автоматизация рабочего места заведующего кафедрой по планированию и мониторингу деятельности подразделения
|f Ю. А. Кириенко
|
| 320 |
|
|
|a Библиогр.: 3 назв.
|
| 463 |
|
0 |
|0 (RuTPU)RU\TPU\book\186925
|t Модернизация инженерного и общего образования: проблемы и перспективы
|o труды VII Всероссийской научно-практической конференции, 12 ноября 2009 года Юрга
|f Томский политехнический университет (ТПУ), Юргинский технологический институт (ЮТИ)
|v С. 20-22
|d 2009
|p 279 с.
|
| 610 |
1 |
|
|a рабочие места
|
| 610 |
1 |
|
|a автоматизация
|
| 610 |
1 |
|
|a автоматизированное рабочее место
|
| 610 |
1 |
|
|a кафедры
|
| 610 |
1 |
|
|a планирование
|
| 610 |
1 |
|
|a мониторинг
|
| 610 |
1 |
|
|a заведующий кафедрой
|
| 610 |
1 |
|
|a труды учёных ТПУ
|
| 700 |
|
1 |
|a Кириенко
|b Ю. А.
|
| 801 |
|
1 |
|a RU
|b 63413507
|c 20100311
|
| 942 |
|
|
|c BK
|